000 00498nam a22001697a 4500
999 _c19250
_d19250
003 AR-CdUCM
008 190517b ||||| |||| 00| 0 spa d
040 _aMUNICIPALIDAD PROVINCIAL DEL CUSCO
_cBIBLIOTECA MUNICIPAL DEL CUSCO
082 _a985.009 /
_bB826
100 _aBravo, Jose Antonio
_9753
245 _aMartín Adan /
260 _aLima :
_bMonterrico,
_c1987.
300 _a61 páginas ;
_c21 cm.
440 _aLos que hicieron el Perú
_n34
_940475
942 _2ddc
_cLIBROS
945 _awfj